000 00750cam a2200217 a 4500
001 000001084
005 20200929145456.0
008 820309s1974 uy 000 0 spa
040 _aDO-SdBNP
_bspa
_cBNPHU
082 _a261.21
_bJ76c
100 1 _aJones, E. Stanley
_q(Eli Stanley),
_d1884-1973.
_93706
245 1 0 _aCristo y el comunismo,.
260 _aMontevideo, Uruguay, :
_bEditorial Mundo Hispano,
_c1974.
300 _b94 p.
_a20 cm.
500 _aEdición condensada de la versión castellana de C. T. Gattinoni
650 4 _aComunismo e iglesia católica
_93707
650 4 _aComunismo y religión
_93708
650 4 _aSociología cristiana católica
_93709
630 0 0 _aReino de Dios
_93710
700 1 _aGattinoni, Carlos T.
_etrad.
_93711
999 _c1045
_d1045